000 00626nab a2200205 4500
001 244442
003 OSt
005 20250728080356.0
007 tu
008 200917s2020|||||||
040 _aDE-2950
_cDE-2950
245 0 0 _aNeue Leiterin an der Musikschule
_bBildung. Anfang Juni hat Anne Voigt das Amt übernommen. Ihr Fokus: mehr grenzüberschreitende Projekte mit Polen/
_cred
264 _c2024
653 _aFrankfurt (Oder)
653 _aMusikschule
653 _aLeiterin
653 _aAnne Voigt
773 0 _g36. Jahrgang (2025) Nr. 166 vom 19.07.2025, S. 17 mit Foto
_tMärkische Oderzeitung
942 _2z
_cA
999 _c373904
_d373904